| 000 | 00588nam a2200169 a 4500 | ||
|---|---|---|---|
| 001 | 000033356 | ||
| 005 | 20200930070212.0 | ||
| 008 | 110825s1941 cu 000 0 spa d | ||
| 040 |
_aDO-SdBNP _bspa _cBNPHU |
||
| 082 |
_axxx _bC348s |
||
| 100 | 1 |
_aCastellanos G., Gerardo, _d1879- _958943 |
|
| 245 | 1 | 0 |
_aSondeo histórico : _bMáximo Gómez y su diario de campaña / _cGerardo Castellanos G. |
| 260 |
_aLa Habana : _b[s.n.], _c1941. |
||
| 300 |
_a65 p. ; _c20 cm. |
||
| 500 | _aConferencia leída en la Institución Hispanocubana de Cultura la noche del 30 de mayo de 1941 | ||
| 049 | _aBNPD | ||
| 999 |
_c32847 _d32847 |
||